00173nam a22000857a 4500082000800000100001700008245001700025260003500042300001000077 aTNC aKapp, Yvonne aEleanor Marx aNew YorkbPantheon Booksc1972 a319p.